01825nam a2200337uu 4500001000800000005001700008007001000025008004100035035001200076040001300088041000800101082000800109100005800117245011600175260004500291300001300336520047100349650003900820650003300859650004900892650003100941650003100972651005401003700004801057942001001105999001901115502001001134526000701144952014301151952019301294142976120260508090138.0co|||||||151215s2015 spa  a1429761 ccomduadb aspa 4a37210aBustamante Valencia, Jorge Mauricio4auteaut974852210aMelodías y acordes : material complementario para la iniciación en guitarra con niños entre 6 y 10 años aEl Carmen de Viboral :bAutor(a),c2015. a1 CD-ROM3 aEsta propuesta es una herramienta pedagógica para complementar el estudio básico de la guitarra, va dirigida a niños y niñas con edades que oscilan entre los 6 y los 10 años, etapa considerada ideal para iniciar dicho aprendizaje. Su intención principal es aportar al docente y al estudiante mediante una serie de ejercicios, estudios y pequeñas obras que sirvan a los procesos de formación musical y enriquezcan el acervo documental en esta área.  7aGuitarraxEnseñanza2lemb945913 aIniciación musical9152904 aEnseñanza de la musica - Antioquia9132844 aFormación musical991451 aPedagogía musical988814 4aOriente antioqueño (Región, Colombia)986736410aLopez Gil, Gustavo Adolfo4thseths9428313 cTESIS c728053d728053 b34c7 a34 001040708GENERALaCEDEAbCEDEAd2015-12-15iC1238397l0oTRA/LIEM0134 2015 CD-ROMp0784391r2023-05-03 00:00:00t1w2023-05-03yDIGITAL 00102ddc40708DIGITALaCARMEbCARMEd2016-01-25eMaterial adquirido por donaciónfDONAg10000.00iC1238866l0o372.87 B982 CD-ROMp1032817r2025-01-21 00:00:00t2w2023-05-03yDIGITAL